000 00757nam a2200265Ia 4500
005 20260302115704.0
008 008 260114s9999 xx 000 0 eng d
020 _a9789354359965
037 _aTextbook
040 _aCRL
040 _beng
040 _cCRL
041 _2eng
041 _aeng
084 _qCRL
100 _aBiswajit Das, Santosh Panda and Vibodh Parthasarathi
_91122352
245 0 _aPedagogy in Practice Project-Based Learning in Media Policy and Governance
260 _bBloomsbury
260 _bBloomsbury India
260 _c2022
650 _aJournalism & mass Comm
856 _uhttps://doi.org/10.5040/9789354359965?locatt=label:secondary_bloomsburyCollections
942 _cEBOOK
999 _c1687126
_d1687126